[Event "Championnat de France 2015"]
[Site "?"]
[Date "2015.08.18"]
[Round "9.3"]
[White "Gharamian, Tigran"]
[Black "Gozzoli, Yannick"]
[Result "1-0"]
[WhiteElo "2644"]
[BlackElo "2561"]
[PlyCount "91"]
[EventDate "2015.??.??"]

1. e4 e5 2. Nf3 Nc6 3. Bb5 a6 4. Ba4 Nf6 5. O-O Be7 6. Re1 b5 7. Bb3 d6 8. c3
O-O 9. d4 Bg4 10. Be3 exd4 11. cxd4 Na5 12. Bc2 c5 13. h3 Bh5 14. d5 Nc4 15.
Bc1 Nd7 16. g4 Bg6 17. Nbd2 Nxd2 18. Bxd2 Bf6 19. Rb1 Re8 20. Kg2 Rc8 21. Ng1
Bh4 22. Nf3 Bf6 23. Ng1 Bh4 24. Re2 Nf6 25. f3 h6 26. Bf4 Rc7 27. Qd2 Rce7 28.
Rd1 Qb6 29. Bxh6 Nxg4 30. hxg4 gxh6 31. Qxh6 Bf6 32. Bb1 c4 33. Nh3 Re5 34. Nf2
Bg7 35. Qh2 R5e7 36. Qh3 Bd4 37. Qh6 Bg7 38. Qh3 Bd4 39. Rh1 Bg7 40. f4 f6 41.
Rd1 Bf8 42. f5 Rh7 43. Qc3 Bf7 44. Qxf6 Be7 45. Qc3 Qd8 46. e5 1-0

[Event "Championnat de France 2015"]
[Site "?"]
[Date "2015.08.18"]
[Round "9.4"]
[White "Bacrot, Etienne"]
[Black "Maze, Sebastien"]
[Result "1-0"]
[WhiteElo "2694"]
[BlackElo "2573"]
[PlyCount "75"]
[EventDate "2015.??.??"]

1. d4 Nf6 2. c4 e6 3. Nf3 d5 4. Nc3 dxc4 5. e4 Bb4 6. Bxc4 Nxe4 7. O-O Nxc3 8.
bxc3 Bd6 9. Re1 O-O 10. Ng5 h6 11. Ne4 Nd7 12. Qf3 Re8 13. Nxd6 cxd6 14. Qg3
Kh8 15. Re4 Nf6 16. Rh4 Ng8 17. Bb3 a5 18. Bg5 Qc7 19. Re1 a4 20. Bc2 Ra5 21.
Bd2 Qc4 22. Bb1 e5 23. dxe5 Qe6 24. Qd3 f5 25. Qxd6 Rxe5 26. Qxe5 Qxe5 27. Rxe5
Rxe5 28. Rxa4 Bd7 29. Rd4 Nf6 30. f3 Kg8 31. Kf2 Kf7 32. Bc2 Re7 33. Bb3+ Be6
34. Rd6 Bxb3 35. axb3 Nd7 36. c4 Nb8 37. Bb4 Rc7 38. Rd5 1-0

[Event "Championnat de France 2015"]
[Site "?"]
[Date "2015.08.18"]
[Round "9.5"]
[White "Istratescu, Andrei"]
[Black "Lagarde, Maxime"]
[Result "1/2-1/2"]
[WhiteElo "2619"]
[BlackElo "2540"]
[PlyCount "115"]
[EventDate "2015.??.??"]

1. e4 c5 2. Nf3 d6 3. d4 cxd4 4. Nxd4 Nf6 5. Nc3 Nc6 6. Bg5 e6 7. Qd2 Be7 8.
O-O-O Nxd4 9. Qxd4 O-O 10. h4 Qa5 11. Kb1 Bd7 12. f4 Bc6 13. Bc4 d5 14. exd5
exd5 15. Bb3 Bc5 16. Qd3 Ne4 17. Nxe4 dxe4 18. Qg3 Kh8 19. f5 f6 20. Bf4 e3 21.
h5 h6 22. Be6 Rad8 23. Rxd8 Qxd8 24. Bxe3 Bxe3 25. Qxe3 b6 26. Kc1 Qc7 27. Rd1
Bxg2 28. Rd7 Qh2 29. Bf7 Bc6 30. Qe7 Qf4+ 31. Rd2 Qf1+ 32. Rd1 Qf4+ 33. Kb1 Qb8
34. a3 Rc8 35. Be6 Re8 36. Qd6 Bf3 37. Qxb8 Rxb8 38. Rd7 Bxh5 39. Rxa7 Bg4 40.
Kc1 Rd8 41. b4 h5 42. Rd7 Rxd7 43. Bxd7 h4 44. Kd2 h3 45. Bc6 Bxf5 46. c4 h2
47. Bh1 Kg8 48. b5 Kf7 49. c5 bxc5 50. a4 Bd7 51. b6 Bc8 52. b7 Bxb7 53. Bxb7
Ke7 54. a5 Kd6 55. Kc3 Kc7 56. Bh1 Kb8 57. Kc4 Ka7 58. Kxc5 1/2-1/2

[Event "Championnat de France 2015"]
[Site "?"]
[Date "2015.08.18"]
[Round "9.6"]
[White "Shchekachev, Andrei"]
[Black "Moussard, Jules"]
[Result "1/2-1/2"]
[WhiteElo "2555"]
[BlackElo "2487"]
[PlyCount "44"]
[EventDate "2015.??.??"]

1. Nf3 d5 2. d4 a6 3. Bf4 Nf6 4. e3 e6 5. c4 c5 6. dxc5 Bxc5 7. Nc3 Nc6 8. cxd5
exd5 9. Be2 O-O 10. Ne5 Qb6 11. Nxc6 bxc6 12. O-O Be7 13. Qc2 Be6 14. Rfd1 Rfd8
15. Rac1 c5 16. Be5 Rac8 17. Na4 Qa7 18. b3 Ng4 19. Bf4 Nf6 20. Be5 Ng4 21. Bf4
Nf6 22. Be5 Ng4 1/2-1/2

[Event "Championnat de France 2015"]
[Site "?"]
[Date "2015.08.20"]
[Round "11.1"]
[White "Bauer, Christian"]
[Black "Maze, Sebastien"]
[Result "1/2-1/2"]
[WhiteElo "2619"]
[BlackElo "2573"]
[PlyCount "94"]
[EventDate "2015.??.??"]

1. e4 e5 2. Nf3 Nc6 3. g3 Nf6 4. d3 g6 5. Bg2 Bg7 6. O-O d5 7. exd5 Nxd5 8. Nc3
Nxc3 9. bxc3 O-O 10. Re1 Re8 11. Bg5 Qd7 12. Rb1 Rb8 13. d4 exd4 14. cxd4 Rxe1+
15. Qxe1 Qe6 16. Bf4 Qxe1+ 17. Rxe1 Be6 18. c3 h6 19. Nd2 g5 20. Bxc7 Rc8 21.
Bd6 Rd8 22. Bc5 Bxa2 23. Ra1 Be6 24. Ne4 b6 25. Ba3 Bd5 26. Nd6 Bxg2 27. Kxg2
Bf8 28. Nc4 Bxa3 29. Rxa3 Kg7 30. Ra6 Rd7 31. g4 Rc7 32. Nd6 Kg6 33. Nb5 Rd7
34. Kf3 h5 35. h3 f5 36. Ra1 fxg4+ 37. hxg4 Rf7+ 38. Kg2 hxg4 39. d5 Na5 40.
Re1 Nc4 41. Re6+ Rf6 42. Rc6 Ne5 43. Rxf6+ Kxf6 44. Nxa7 Nd3 45. Kg3 Ke5 46.
Nc8 Kxd5 47. Nxb6+ Kc5 1/2-1/2

[Event "Championnat de France 2015"]
[Site "?"]
[Date "2015.08.20"]
[Round "11.2"]
[White "Bacrot, Etienne"]
[Black "Gharamian, Tigran"]
[Result "1/2-1/2"]
[WhiteElo "2694"]
[BlackElo "2644"]
[PlyCount "82"]
[EventDate "2015.??.??"]

1. e4 c6 2. Nc3 d5 3. Nf3 Bg4 4. h3 Bxf3 5. Qxf3 e6 6. d4 Nf6 7. Bd3 dxe4 8.
Nxe4 Nxe4 9. Qxe4 Nd7 10. c3 Be7 11. O-O Nf6 12. Qe2 O-O 13. Rd1 Qc7 14. g3
Rad8 15. Bf4 Bd6 16. Bg5 Be7 17. h4 Rfe8 18. Re1 h6 19. Bxf6 Bxf6 20. Qe4 Kf8
21. Qh7 Ke7 22. b4 a5 23. a3 axb4 24. axb4 Ra8 25. Bc4 Rh8 26. Qe4 Rxa1 27.
Rxa1 g6 28. Qf3 h5 29. Ra7 Qb8 30. Ra5 Rc8 31. Rc5 Qd6 32. Ra5 Qb8 33. Bd3 Qd6
34. Be4 Bg7 35. Rc5 f5 36. Bd3 b6 37. Rc4 Qd5 38. Be2 Kf7 39. Qd3 Bf8 40. Bf3
Qd7 41. b5 cxb5 1/2-1/2

[Event "Championnat de France 2015"]
[Site "?"]
[Date "2015.08.20"]
[Round "11.3"]
[White "Cornette, Matthieu"]
[Black "Moussard, Jules"]
[Result "1-0"]
[WhiteElo "2618"]
[BlackElo "2487"]
[PlyCount "79"]
[EventDate "2015.??.??"]

1. e4 c5 2. Nf3 d6 3. Bb5+ Bd7 4. c4 Nc6 5. Nc3 g6 6. Bxc6 Bxc6 7. d4 Bg7 8.
O-O cxd4 9. Nxd4 Nf6 10. Re1 O-O 11. b3 a5 12. Bb2 Nd7 13. Qd2 Nc5 14. Rad1 Bd7
15. h3 a4 16. b4 a3 17. Ba1 Na4 18. Nb1 Nb2 19. Bxb2 axb2 20. Qxb2 Qb6 21. Rd3
Rfc8 22. Nd2 Be6 23. Rc1 f5 24. exf5 Bf7 25. N2f3 Rxc4 26. Rxc4 Bxc4 27. Re3
Bf6 28. a3 Bf7 29. Qd2 Rc8 30. Rc3 Qd8 31. Rc2 Qd7 32. Qc1 Rxc2 33. Qxc2 gxf5
34. Nxf5 Kf8 35. Ne3 Bg6 36. Qc4 Qc6 37. Qg4 Ke8 38. Kh2 d5 39. Qf4 d4 40. Ng4
1-0

[Event "Championnat de France 2015"]
[Site "?"]
[Date "2015.08.20"]
[Round "11.4"]
[White "Lagarde, Maxime"]
[Black "Edouard, Romain"]
[Result "1-0"]
[WhiteElo "2540"]
[BlackElo "2634"]
[PlyCount "62"]
[EventDate "2015.??.??"]

1. e4 c5 2. Nf3 d6 3. d4 cxd4 4. Qxd4 a6 5. h3 Nc6 6. Qe3 Nf6 7. c4 g6 8. Nc3
Bg7 9. Be2 O-O 10. O-O Rb8 11. Rd1 Nd7 12. Rb1 Qb6 13. Qd2 Nde5 14. Nd5 Qd8 15.
b4 f5 16. Nxe5 dxe5 17. b5 axb5 18. cxb5 Nd4 19. Ba3 Rf7 20. b6 e6 21. Nc7 Qh4
22. exf5 Bh6 23. Qb2 gxf5 24. Bd6 Bf4 25. Rxd4 exd4 26. g3 Bxg3 27. Bxg3 Rg7
28. Kh2 Qe4 29. Ne8 Rg6 30. Nd6 Qd5 31. Bc4 Qc6 1-0

[Event "Championnat de France 2015"]
[Site "?"]
[Date "2015.08.20"]
[Round "11.5"]
[White "Istratescu, Andrei"]
[Black "Degraeve, Jean-Marc"]
[Result "1-0"]
[WhiteElo "2619"]
[BlackElo "2551"]
[PlyCount "59"]
[EventDate "2015.??.??"]

1. e4 e5 2. Nf3 Nc6 3. Bc4 Bc5 4. b4 Bxb4 5. c3 Be7 6. d4 d6 7. Qb3 Na5 8.
Bxf7+ Kf8 9. Qa4 Kxf7 10. Qxa5 exd4 11. cxd4 c6 12. Qa4 h6 13. Nc3 Nf6 14. e5
Nd5 15. Nxd5 cxd5 16. O-O Rf8 17. Ba3 Kg8 18. Qb3 dxe5 19. Bxe7 Qxe7 20. Nxe5
Rd8 21. Rfe1 Rd6 22. Rac1 Be6 23. Qb4 Re8 24. Ng6 Qd7 25. Re3 Rb6 26. Qd2 Bf5
27. Ne5 Qa4 28. h3 Rb4 29. Rg3 Rxd4 30. Rc7 1-0